X Censo Nacional de Población y VI de Vivienda 2011: características económicas /
El presente texto presenta los resultados preliminares sobre el total de la población de Costa Rica para el 2011, por sexo, provincia, cantón y distrito, así como la cifra del total de viviendas, por provincia, cantón y distrito. Así mismo, se presentan cifras comparativas entre los censos de los añ...
Uloženo v:
| Korporativní autor: | |
|---|---|
| Médium: | Neznámo |
| Jazyk: | Spanish |
| Vydáno: |
San José, Costa Rica :
INEC
|
| Témata: | |
| Tagy: |
Přidat tag
Žádné tagy, Buďte první, kdo vytvoří štítek k tomuto záznamu!
|
MARC
| LEADER | 00000 a2200000 04500 | ||
|---|---|---|---|
| 001 | 44985 | ||
| 003 | cru IIS | ||
| 005 | 20221130122129.0 | ||
| 008 | 050704s2012 cr spa d | ||
| 020 | |a 978-9968-921-97-8 | ||
| 040 | |c CRAII IIS | ||
| 090 | |a 1001 CR8375ce X(2011) | ||
| 110 | |a Instituto Nacional de Estadística y Censos (Costa Rica) | ||
| 245 | |a X Censo Nacional de Población y VI de Vivienda 2011: |b características económicas / |c Instituto Nacional de Estadística y Censos | ||
| 246 | |a Censo 2011 | ||
| 260 | |a San José, Costa Rica : |b INEC | ||
| 300 | |a 444 páginas : |b tablas, mapas | ||
| 520 | |a El presente texto presenta los resultados preliminares sobre el total de la población de Costa Rica para el 2011, por sexo, provincia, cantón y distrito, así como la cifra del total de viviendas, por provincia, cantón y distrito. Así mismo, se presentan cifras comparativas entre los censos de los años 1864, 1883, 1892, 1927, 1950, 1963, 1973, 1984, 2000 y 2011. Se tiene como objetivo ser fuente de información acerca de la población, los hogares y las viviendas en el país, permitiendo entre otros, la elaboración de diagnóstico nacional y en consecuencia el diseño, ejecución y evaluación de políticas públicas. FGO 30/11/2022 | ||
| 650 | 0 | |2 TESAURO OCDE |9 3849 |a CENSOS DE POBLACION | |
| 650 | 0 | |2 TESAURO OCDE |9 835 |a CENSOS DE VIVIENDAS | |
| 650 | 0 | |2 TESAURO OCDE |9 2923 |a RECOPILACIÓN DE DATOS | |
| 651 | 0 | |2 TESAURO OCDE |9 32 |a COSTA RICA | |
| 942 | |2 ddc |c LI | ||
| 999 | |c 1862 |d 1862 | ||



